Histology (Record no. 1973)

MARC details
000 -LEADER
fixed length control field 00450nam a22001817a 4500
008 - FIXED-LENGTH DATA ELEMENTS--GENERAL INFORMATION
fixed length control field 260418b |||||||| |||| 00| 0 eng d
020 ## - INTERNATIONAL STANDARD BOOK NUMBER
International Standard Book Number 9788184735086
082 ## - DEWEY DECIMAL CLASSIFICATION NUMBER
Classification number 611.018
Item number KUM/H
100 ## - MAIN ENTRY--PERSONAL NAME
Personal name Kumar, Brijesh
245 ## - TITLE STATEMENT
Title Histology
Remainder of title text & atlas
Statement of responsibility, etc. Brijesh Kumar
250 ## - EDITION STATEMENT
Edition statement 2nd ed.
260 ## - PUBLICATION, DISTRIBUTION, ETC.
Place of publication, distribution, etc. New Delhi
Name of publisher, distributor, etc. Wolters Kluwer
Date of publication, distribution, etc. 2018
300 ## - PHYSICAL DESCRIPTION
Dimensions 22cm.
500 ## - GENERAL NOTE
General note Include index
942 ## - ADDED ENTRY ELEMENTS (KOHA)
Source of classification or shelving scheme Dewey Decimal Classification
Koha item type Books
Suppress in OPAC No
Holdings
Withdrawn status Lost status Source of classification or shelving scheme Damaged status Not for loan Home library Current library Date acquired Total checkouts Barcode Date last seen Price effective from Koha item type
    Dewey Decimal Classification     Centerville Centerville 18/04/2026   CPL26040045 18/04/2026 18/04/2026 Books